Statystyki dla Rodzaje parzystokopytnych

Kliknij tutaj aby rozwiązać quiz!

Ogólne statystyki

  • Ten quiz został rozwiązany 81 razy
  • Średni wynik to 13 z 89

Statystyki odpowiedzi

Odpowiedź% Poprawnych
Koziorożec (markur, koza)
81%
Jeleń
78%
Sarna
70%
Owca
69%
Świnia (dzik)
66%
Łoś
62%
Antylopa
59%
Daniel
50%
Bydło (gaur, banteng, jak, kuprej, gajal)
46%
Gwanako (lama)
45%
Bizon (żubr)
45%
Żyrafa
45%
Gnu
39%
Renifer
38%
Gazela
38%
Kozica
38%
Wikunia (alpaka)
35%
Wielbłąd
32%
Wół (anoa)
31%
Bawół
31%
Guziec
28%
Okapi
24%
Hipopotam
23%
Kozioł
18%
Pekari
18%
Oryks
16%
Widłoróg
14%
Niala (bongo, kudu, buszbok, sitatunga)
14%
Eland (oreas)
12%
Piżmowół
11%
Babirussa
9%
Suhak
9%
Impala
8%
Dikdik
8%
Mundżak
8%
Kanczyl
7%
Piżmowiec
5%
Nilgau
5%
Antylopowiec
4%
Takin
4%
Kob
4%
Adaks
4%
Antylopka
4%
Tar
4%
Gazelka
4%
Arui
4%
Świneczka
4%
Skocznik
4%
Pekariowiec
4%
Jelonek
4%
Sambar
4%
Gerenuk
3%
Saola
3%
Dzikan
3%
Pekarczyk
3%
Mulak
3%
Pudu
3%
Aksis
3%
Gazelopka
3%
Bawolec
3%
Jelonkowiec
1%
Kanczylek
1%
Dujkerczyk
1%
Dujker
1%
Jeleniak
1%
Oribi
1%
Goral
1%
Sarniak
1%
Koziołek
1%
Sasebi
1%
Arabotar
1%
Hirola
1%
Milu
1%
Czykara
1%
Barasinga
1%
Wodnokanczyl
1%
Dzikacz
0%
Pelea
0%
Ridbok
0%
Cziru
0%
Huemal
0%
Grym
0%
Nahur
0%
Mazama
0%
Dżereń
0%
Nilgiritar
0%
Bejra
0%
Antylopik
0%
Serau
0%

Rozkład punktacji

Percentyl według liczby udzielonych odpowiedzi

Procent ludzi z każdym wynikiem

Twoja historia wyników

Nie rozwiązałeś tego quizu